| 000 | 00454nam a2200169Ia 4500 | ||
|---|---|---|---|
| 008 | 240729s9999 xx 000 0 und d | ||
| 022 | _a2813-530X | ||
| 245 | 0 | _aFrontiers in Chemical Biology | |
| 260 | _aSwitzerland | ||
| 260 | _bFrontiers Media S.A. | ||
| 650 | _a Biology (General) | Science | ||
| 650 | _a Chemistry | ||
| 650 | _aScience | ||
| 856 | _uhttps://doaj.org/toc/171438e041f44f8888d89dc368890cf9 | ||
| 942 | _2ddc | ||
| 942 | _cDOAJEJ | ||
| 999 |
_c66988 _d66988 |
||
| 945 |
_a1 _bMadushi Gamage _c1 _dMadushi Gamage |
||